Biblioteca y Centro de Documentación

Les ambiguïtés de l´aînesse masculine. (Registro nro. 44667)

Detalles MARC
000 -CABECERA
Longitud fija campo de control 01109naa a2200277 4500
001 - NÚMERO DE CONTROL
Número de control 44667
003 - IDENTIFICADOR DE NÚMERO DE CONTROL
Identificador del número de control ES-MaCES
005 - FECHA Y HORA DE LA ÚLTIMA TRANSACCIÓN
Fecha y hora de la última transacción 20140527145706.0
008 - CAMPO FIJO DE DESCRIPCIÓN FIJA--INFORMACIÓN GENERAL
Códigos de información de longitud fija   000000s2013 fr ||||| |||| 00| | fre d
040 ## - FUENTE DE CATALOGACIÓN
Centro catalogador de origen ES-MaCES
Lengua de catalogación spa
Centro transcriptor ES-MaCES
100 1# - ENCABEZAMIENTO PRINCIPAL--NOMBRE PERSONAL
9 (RLIN) 34952
Nombre de persona Gollac, Sibylle
245 14 - MENCIÓN DE TÍTULO
Título Les ambiguïtés de l´aînesse masculine.
Resto del título Transferts patrimoniaux et transmission du statut social de génération en génération
Mención de responsabilidad, etc. Sibylle Gollac
500 ## - NOTA GENERAL
Nota general Resumen
504 ## - NOTA DE BIBLIOGRAFÍA, ETC.
Nota de bibliografía, etc. Bibliografía: p. 735-738
650 #4 - ASIENTO SECUNDARIO DE MATERIA--TÉRMINO DE MATERIA
9 (RLIN) 30973
Término de materia o nombre geográfico como elemento inicial derecho de sucesiones
650 #4 - ASIENTO SECUNDARIO DE MATERIA--TÉRMINO DE MATERIA
9 (RLIN) 31001
Término de materia o nombre geográfico como elemento inicial patrimonio
650 #4 - ASIENTO SECUNDARIO DE MATERIA--TÉRMINO DE MATERIA
9 (RLIN) 27318
Término de materia o nombre geográfico como elemento inicial familia
650 #4 - ASIENTO SECUNDARIO DE MATERIA--TÉRMINO DE MATERIA
9 (RLIN) 29521
Término de materia o nombre geográfico como elemento inicial discriminación por razones de sexo
650 #4 - ASIENTO SECUNDARIO DE MATERIA--TÉRMINO DE MATERIA
9 (RLIN) 30789
Término de materia o nombre geográfico como elemento inicial desigualdad social
650 #4 - ASIENTO SECUNDARIO DE MATERIA--TÉRMINO DE MATERIA
9 (RLIN) 29371
Término de materia o nombre geográfico como elemento inicial desigualdad económica
650 #4 - ASIENTO SECUNDARIO DE MATERIA--TÉRMINO DE MATERIA
9 (RLIN) 27297
Término de materia o nombre geográfico como elemento inicial movilidad social
653 10 - TÉRMINO DE INDEXACIÓN--NO CONTROLADO
Término no controlado Derecho civil
773 0# - ENTRADA DE DOCUMENTO FUENTE
Itemnumber del ítem fuente 81050
Lugar, editor y fecha de publicación Marseille (BP87, 05003 GAP Cedex, CCP 636 09 E) Ophrys 1958-
Otro identificador del documento 083957
Título Revue française de sociologie
Número de control del registro relacionado (ES-MaCES)25607
Parte(s) relacionada(s) année 54, nº 4 (oct.-déc. 2013) {10602 R. 083957} ;p. 709-740
902 ## - CES. TIPO DE DOCUMENTO
Tipodoc (006$c Sirtex) ART Artículo de revista
942 ## - ELEMENTOS KOHA
Fuente de clasificaión o esquema Clasificación propia del CES
Koha [por defecto] tipo de item Artículos (1982-2017)
Parte de clasificación Derecho Civil

No hay ítems disponibles.

© CES, Consejo Económico y Social de España 2021